Connais tu vraiment le monde d'Astérix ? - Statistiques

Statistiques générales
  • Ce quiz a été pris 68 fois
  • Le résultat moyen est 7 sur 15
Statistiques - réponses
Hint Réponse % Correct
Obélix est livreur de ... Menhir
95%
Où se se situe le village d'Astérix ? Armorique
84%
Qui est le doyen du village ? Agecanonix
83%
Que reproche Cétautomatix aux poissons d'Ordralfabétix ? Ils ne sont pas frais
83%
Comment s'appelle le fils adoptif de César ? Brutus
78%
Quels personnages d'Hergé apparaissent dans Astérix chez les Belges ? Dupont et Dupond
57%
Comment s'appelle le film où Astérix et Obélix partent en Chine ? L'empire du milieu
54%
Dans quel album Obélix redevient enfant ? La galère d'Obélix
41%
Comment s'appelle le célèbre grand huit rouge et jaune du parc Astérix ? Goudurix
38%
Falbala apparaît dans quel album ? Astérix légionnaire
37%
Et donc le premier de Uderzo seul ? Le grand fossé
32%
Quel est le dernier album de Goscinny ? Astérix chez les Belges
22%
Comment se nomme le cousin d'Obélix ? Amérix
16%
Sur sa première case, Obélix a quel objet, qui disparaît ensuite ? Hache
16%
Quel est l'origine du nom d'Idéfix ? Les lecteurs l'ont voté
10%
Aucun quiz correspondant
Distribution des résultats
% des personnes avec chaque résultat
Percentile par nombre de réponses
Votre historique - résultats
Vous n’avez pas pris ce quiz